| 000 | 00996nas a2200301 4500 | ||
|---|---|---|---|
| 001 | BR2013009182 | ||
| 003 | BR-BrBNA | ||
| 005 | 20231205123224.0 | ||
| 007 | ta | ||
| 008 | 230509b bl.|||p| |||| 00| 00por d | ||
| 040 |
_aBR-BrBNA _bpor _cBiblioteca Nacional de Agricultura |
||
| 041 | _a(En) | ||
| 072 | _aF70; H10 | ||
| 100 | 1 | _aDiniz Filho, J.A.F. | |
| 100 | 1 | _aFerro, V.G. | |
| 100 | 1 | _aSantos, T. | |
| 100 | 1 | _aNabout, J.C. | |
| 100 | 1 | _aDobrovolski, R. | |
| 100 | 1 | _aDe Marco Junior, P. | |
| 245 | 1 | _aThe three phases of the ensemble forecasting of niche models: geographic range and shifts in climatically suitable areas of Utetheisa ornatrix (Lepidoptera. Arctiidae) | |
| 650 | _aMARIPOSA | ||
| 650 | _aINSETO | ||
| 650 | _aDISTRIBUIÇÃO GEOGRÁFICA | ||
| 650 | _aCLIMA | ||
| 773 | 0 |
_tRevista Brasileira de Entomologia (Brazil) _xISSN 0085-5626 _g(Jul-Sep 2010), v. 54(3) p. 339-349 _wBR2013009182 |
|
| 909 |
_a202311 _bLúcia _c55 _dLúcia Elande |
||
| 942 |
_2AGRIS _n0 _cANA |
||
| 999 |
_c232779 _d232779 |
||